Регионална библиотека "Любен Каравелов" - Русе

Appell der Arbeiterklasse | Sinfonie Nr.2 (1934, bearbeitet 1962) (Запис номер 530015)

MARC детайли
000 -Лидер
Лидер 01979njm a2200313 a 4500
003 - Код на организацията, давaща контролен номер
Код на организацията, даваща контролен номер BLK
005 - Дата и час на последна редакция
Дата и час на последна редакция 20250325154823.0
007 - Фиксирано поле за физическо описани
Физическо описание sd bsmennmp|nu
008 - Елементи от данни с фиксирана дължина
Елементи с фиксирана дължина 240820b opnngs|||||||| | che d
028 ## - PUBLISHER NUMBER
Издателски номер 885143
040 ## - Източник на каталожния запис
Код на библиотеката BLK
041 0# - Код за език
Език на записа Немски
Език за КДБФ Немски
080 ## - УДК
УДК текст Инструментална муз. Откъси, теми, илюстрации
УДК код 785.081
УДК – определител (086.72)
УДК – код + определител 785.081(086.72)
080 ## - УДК
УДК текст Симфонии
УДК код 785.082.1
УДК – определител (086.72)
УДК – код + определител 785.082.1(086.72)
100 ## - Редна дума - Автор
R(LIN) 387669
Автор Dessau, Paul
245 ## - Сведения за заглавието
Заглавие Appell der Arbeiterklasse
-- Sinfonie Nr.2 (1934, bearbeitet 1962)
Авторска отговорност Paul Dessau ; Rundfunkchor Leipzig et al.
260 ## - Област на издателските данни
9 (RLIN) 215027
Място на издаване Berlin
Име на издателя Deutsche Schallplatten
Година на издаване 1978
300 ## - Физическа характеристика
Брой страници 1 грамофонна плоча
Илюстрации 33 об/мин, стерео
Размер 30 см
380 ## - Жанр
Жанр Изкуство
490 ## - СЕРИИ (Колекции)
9 (RLIN) 494230
Серия NOVA
500 ## - Общи забележки
Обща забележка (01) Appell der Arbeiterklasse<br/>für Alt- und Tenorsolo, Sprecher, gemischten Chor, Kinderchor und Orchester<br/><br/>Texte: Ausschniite aus dem "Appell an alle Völker der Welt",<br/>Moskau, November 1960, und dem Programmentwurf der KPdSU; Johannes R. Becher, Bertolt Brecht, Ilja Ehrenburg, Georg Maurer, Günter Kunert, Wera Küchenmeister<br/>----<br/>(02) Sinfonie Nr.2 (1934, bearbeitet 1962)<br/>(02a) Andante - Allegro moderato<br/>(02b) Andante<br/>(02c) Tanz (Bulgarischer Rhythmus). Hommage a Bartok<br/>(02d) A la marcia, moderato
511 ## - Забележка за участници или изпълнители
Забележка за участници Rundfunkchor Leipzig<br/>Einstudierung: Horst Neumann<br/>Kinderchor der Dresdner Philharmonie<br/>Einstudierung: Wolfgang Berger<br/>Rundfunk-Sinfonie-Orchester Leipzig<br/>Dirigent: Herbert Kegel<br/><br/>Annelies Burmeister, Alt<br/>Eberhard Büchner, Tenor<br/>Kurt Goldstein, Christine Gloger,<br/>Wolfgang Holz, Sprecher<br/>----<br/>Rundfunk-Sinfonie-Orchester Berlin<br/>Dirigent: Rolf Kleinert
518 ## - Забележка за време/място на протичане на отразеното събитие
Забележка за време и място на протичане на отразеното събитие Aufnahme des Rundfunks der DDR Mitschnitt aus der Kongreßhalle Leipzig vom 29.4.1977
650 #7 - Допълнително описание по предмет – тема
9 (RLIN) 170960
Предметна рубрика Симфонии
852 ## - Местоположение
Сигнатура (форматна) Ф ІІ 4534
Отдел Основен фонд - ползва се само за читалня
856 ## - Електронен адрес и достъп
Инструкция (цена за достъп) 0.00
Права за достъп disable
942 ## - АРТИКУЛИ
Вид на библиотечния документ Грамофонни плочи
Скрит в OPAC Не
944 ## - СЪЗДАВАНЕ И РЕДАКЦИЯ на ЗАПИСА
Дата на регистрацията/редакция Кети Илиева
Служител, извършил регистрацията/редакцията 30550
Създаване/Редакция
Статус, дата на статуса Кети Илиева
999 ## - СИСТЕМНИ КОНТРОЛНИ НОМЕРА
Koha biblionumber 530015
Koha biblioitemnumber 530015
Наличности
Код за отписване Код за изгубен артикул Източник на класификационната схема Код за повреда Коз за рестрикции Код за отдаване Артикулен № Име на библиотеката - собственик Име на библиотеката, в която се намира в момента Статус (Текущо местоположение) Дата на вписване в системата Местоположение - отдел Цена в лева Инвентарен номер Систематично азбучна сигнатура Баркод Цена в евро Служебен тип на артикула
  Не е изгубен Universal Decimal Classification Не е повреден само за читалня ползва се в читалня 964926 Регионална библиотека "Любен Каравелов" Русе Регионална библиотека "Любен Каравелов" Русе Хранилище 2025-03-25 Основен фонд - ползва се само за читалня 6.00 11084 Ф ІІ 4534 900000116646 3.07 Грамофонни плочи
Vip Innovations Ltd, Rousse, Bulgaria 2025